Viết từ Đồng bằng sông Cửu Long Truyện ngắn

সংরক্ষণ করুন:
গ্রন্থ-পঞ্জীর বিবরন
প্রধান লেখক: Lê Phú Khải
বিন্যাস: গ্রন্থ
ভাষা:Undetermined
প্রকাশিত: Tp. HCM Nxb. Tp. HCM 1995
বিষয়গুলি:
ট্যাগগুলো: ট্যাগ যুক্ত করুন
কোনো ট্যাগ নেই, প্রথমজন হিসাবে ট্যাগ করুন!
Thư viện lưu trữ: Trung tâm Học liệu Trường Đại học Cần Thơ
LEADER 00531nam a2200181Ia 4500
001 CTU_10501
008 210402s9999 xx 000 0 und d
082 |a 895.922301 
082 |b Kh103 
100 |a Lê Phú Khải 
245 0 |a Viết từ Đồng bằng sông Cửu Long 
245 0 |b Truyện ngắn 
245 0 |c Lê Phú Khải 
260 |a Tp. HCM 
260 |b Nxb. Tp. HCM 
260 |c 1995 
650 |a short stories, vietnamese - 1975 
980 |a Trung tâm Học liệu Trường Đại học Cần Thơ